Suché technológie pre stavebné študijné a učebné odbory stredných odborných škôl /

Uloženo v:
Podrobná bibliografie
Hlavní autor: Pulenová, Katarína (Autor)
Médium: Kniha
Jazyk:slovenština
Vydáno: Bratislava : KONTAKT PLUS, 2014
Vydání:1. vyd.
Témata:
ISBN:9788089625239
On-line přístup: Získat plný text
Tagy: Přidat tag
Žádné tagy, Buďte první, kdo vytvoří štítek k tomuto záznamu!

MARC

LEADER 00000nam a2200000 4500
003 SK-BrCVT
005 20220618095616.0
006 aao e 000 0
008 150108s2014 xo ao e 000 0slo#d
020 |a 9788089625239   |q (brož.) 
035 |a CVTIDW0050367 
040 |a SNK  |b slo  |c SVKBB  |e AACR2  |d CVTI SR 
041 0 |a slo 
044 |a xo  |c SK 
080 |a 69.05  |2 2008 
100 1 |a Pulenová, Katarína  |4 aut 
245 1 0 |a Suché technológie pre stavebné študijné a učebné odbory stredných odborných škôl /  |c Katarína Pulenová 
250 |a 1. vyd. 
260 |a Bratislava :  |b KONTAKT PLUS,  |c 2014 
300 |a 135 s. :  |b fotogr., lit., obr., tab. ;  |c 30 cm 
653 1 |a stavebná práca 
653 1 |a stavebná technológia 
653 1 |a suchá výstavba 
653 1 |a sadrokartónová doska 
653 1 |a sadrovláknitá doska 
655 7 |a učebnice stredných škôl  |2 SNKPH 
852 |a CVTISR  |b 1 
910 |b A621407 
919 |a 978-80-89625-23-9 
959 |a 62 
974 |a katarina.repata  |f Knihy 
992 |a AUS 
999 |c 231354  |d 231354